| 000 | 00621nam a2200205 u 4500 | ||
|---|---|---|---|
| 005 | 20240228063603.0 | ||
| 008 | 101021s2003 mx r 000 0 spa d | ||
| 020 | _a4880125172 | ||
| 035 | _aUPN01000178333 | ||
| 049 | _aI | ||
| 050 | 4 |
_aPZ76.3 _bM5.3 |
|
| 100 | 1 |
_aMiyakawa, Kenji, _d1896-1933 _933935 |
|
| 245 | 1 | 0 |
_aArgos : _bel perro aventurero / _cKenji Miyakawa, Keika Nakajima. |
| 260 |
_aJapón : _bShinseken, _c2003. |
||
| 300 |
_a44 p. : _bil. col. |
||
| 650 | 4 |
_aPerros _vLiteratura infantil _98585 |
|
| 650 | 4 |
_aCUENTOS INFANTILES JAPONESES _98590 |
|
| 700 | 1 |
_aNakajima, Keika, _ecoaut. |
|
| 905 | _aInfantil | ||
| 999 |
_c150436 _d150436 |
||